000 00860nam a2200181Ia 4500
008 100921s9999 xx 000 0 und d
082 _b3847
_a909 थ 56
100 _aनेहरू पंडित जवाहरलाल .अनु भावे शिवराम गोविंद.
245 _aजागतिक इतिहासाचे ओझरते दर्शन खंड 4.
260 _bसुलभ राष्ट्रीय ग्रंथमाला,पुणे.
_c1956
300 _a388
_b---
365 _b7.5
520 _aइतिहास-जग.
630 _aजागतिक इतिहासाचे ओझरते दर्शन खंड 4.
650 _aइतिहास-जग.
730 _aजागतिक इतिहासाचे ओझरते दर्शन खंड 4.
942 _cBOOK
999 _c752960
_d752957